000
00293nam a22001337a 4500
008
170627b xxu||||| |||| 00| 0 eng d
020
_a
9780312486860
041
_a
eng
080
_a
05
100
_a
21
101
_a
GJL
245
_a
THE WRITERS PRESENCE
_c
MCQUADE.D
942
_2
udc
_c
BK
999
_c
19288
_d
19288